Loading...
| Philosophy | 2 | 3 | 2 | 0 | 50 | 28 | 78.00 | 3 | 5 | 25.09 | 54.69 |
| Literature - British | 0 | 4 | 1 | 0 | 35 | 96 | 115.00 | 0 | 1 | 9.25 | 22.99 |
| Literature - American | 0 | 3 | 0 | 1 | 30 | 132 | 142.67 | 0 | 0 | 0.43 | 8.04 |
| Auditory Arts | 0 | 2 | 0 | 0 | 20 | 115 | 125.00 | 0 | 0 | 1.53 | 4.69 |
| Fine Arts - Other Arts | 0 | 2 | 0 | 0 | 20 | 122 | 128.00 | 0 | 1 | 1.30 | 14.06 |
| Literature - European | 1 | 1 | 1 | 0 | 20 | 57 | 73.50 | 2 | 2 | 11.12 | 23.44 |
| Social Science | 0 | 2 | 0 | 0 | 20 | 112 | 114.50 | 0 | 1 | 0.54 | 5.36 |
| Beliefs | 0 | 1 | 0 | 0 | 10 | 124 | 124.00 | 0 | 0 | 1.39 | 6.25 |
| Geography | 0 | 1 | 0 | 0 | 10 | 93 | 93.00 | 0 | 1 | 17.25 | 37.50 |
| History - American | 0 | 1 | 0 | 1 | 10 | 133 | 133.00 | 0 | 0 | 0.09 | 2.08 |
| Science - Other | 0 | 0 | 0 | 0 | 0 | 0.00 | 0 | 0 | 0.00 | 0.00 | |
| Literature - World | 0 | 0 | 0 | 0 | 0 | 0.00 | 0 | 0 | 0.00 | 0.00 | |
| History - European | 0 | 0 | 1 | 0 | -5 | 0.00 | 0 | 0 | 0.00 | 0.00 | |
| Visual Arts | 0 | 0 | 1 | 0 | -5 | 0.00 | 0 | 0 | 0.00 | 0.00 |